[Event "Open Mediterranean 2017"]
[Site "Rijeka CRO"]
[Date "2009.12.04"]
[Round "8.20"]
[White "Gandrud, Vegar Koi"]
[Black "Doric, Nenad"]
[Result "0-1"]
[WhiteElo "2143"]
[BlackElo "2344"]
[PlyCount "82"]
[EventDate "2009.11.28"]
[EventType "swiss"]
[EventRounds "9"]
[EventCountry "CRO"]
[Source "lmi"]
[SourceDate "2009.11.28"]

1. d4 d5 2. c4 e6 3. Nf3 c6 4. g3 dxc4 5. Bg2 b5 6. O-O Bb7 7. a4 Nd7 8. Nc3 a6
9. e4 Ngf6 10. Nd2 e5 11. d5 Bc5 12. b3 Bd4 13. dxc6 Bxc6 14. axb5 axb5 15.
Rxa8 Qxa8 16. Ne2 c3 17. Nxd4 exd4 18. Nb1 O-O 19. Qxd4 Bxe4 20. Bxe4 Qxe4 21.
Qxe4 Nxe4 22. Re1 f5 23. f3 c2 24. Na3 Nec5 25. Nxc2 Nxb3 26. Ba3 Rc8 27. Nb4
Nb6 28. Re3 Nd2 29. Rd3 Ndc4 30. Kg2 Nxa3 31. Rxa3 Rc4 32. Rb3 Na4 33. Nd5 Rc5
34. Nf4 Kf7 35. Kf2 Ke7 36. Ne2 Kd6 37. Nd4 Kd5 38. Nxb5 Kc4 39. Nd4 Kxd4 40.
Rb7 Rc2+ 41. Kg1 Ke3 0-1

[Event "Open Mediterranean 2017"]
[Site "Rijeka CRO"]
[Date "2009.12.04"]
[Round "8.21"]
[White "Thingstad, Even"]
[Black "Diermair, Andreas"]
[Result "1-0"]
[WhiteElo "2139"]
[BlackElo "2341"]
[PlyCount "79"]
[EventDate "2009.11.28"]
[EventType "swiss"]
[EventRounds "9"]
[EventCountry "CRO"]
[Source "lmi"]
[SourceDate "2009.11.28"]

1. d4 d5 2. c4 e6 3. Nc3 c6 4. Nf3 Nf6 5. Bg5 h6 6. Bh4 dxc4 7. e4 g5 8. Bg3 b5
9. Be2 Bb7 10. h4 g4 11. Ne5 Rg8 12. Nxg4 Nxg4 13. Bxg4 Nd7 14. O-O Qb6 15. Bh5
Nf6 16. Be5 Be7 17. Bxf6 Bxf6 18. Qf3 Qxd4 19. e5 O-O-O 20. Qxf6 c5 21. Bf3
Rxg2+ 22. Kxg2 Qg4+ 23. Kh2 Bxf3 24. Rg1 Qh5 25. Rg3 Bc6 26. f3 Rd4 27. Kh3
Qf5+ 28. Qxf5 exf5 29. a4 f4 30. Rg8+ Kb7 31. axb5 Bxf3 32. Re8 h5 33. Re7+ Kb8
34. Rf1 Rd3 35. Rf2 Bg4+ 36. Kg2 Rg3+ 37. Kf1 Bh3+ 38. Ke2 Bg4+ 39. Kd2 Rd3+
40. Kc1 1-0

[Event "Open Mediterranean 2017"]
[Site "Rijeka CRO"]
[Date "2009.12.04"]
[Round "8.22"]
[White "Antunovic, Ivo"]
[Black "Agaragimov, Djakhangir"]
[Result "1/2-1/2"]
[WhiteElo "2132"]
[BlackElo "2294"]
[PlyCount "106"]
[EventDate "2009.11.28"]
[EventType "swiss"]
[EventRounds "9"]
[EventCountry "CRO"]
[Source "lmi"]
[SourceDate "2009.11.28"]

1. Nf3 Nf6 2. g3 g6 3. Bg2 Bg7 4. O-O O-O 5. d3 d6 6. c4 Nc6 7. Nc3 e5 8. Rb1
a5 9. a3 Nd4 10. e3 Nxf3+ 11. Bxf3 c6 12. e4 Bh3 13. Bg2 Bg4 14. Bf3 Be6 15.
Bg5 h6 16. Bxf6 Qxf6 17. Bg4 Qe7 18. Bxe6 Qxe6 19. Qe2 Rae8 20. a4 f5 21. f3
Bf6 22. Kg2 Rf7 23. Rh1 Bd8 24. Rbf1 Bb6 25. h4 h5 26. exf5 gxf5 27. g4 hxg4
28. fxg4 Rg7 29. g5 Rf8 30. Qf3 Rd7 31. Ne4 Rdf7 32. Nf6+ Rxf6 33. gxf6 Rxf6
34. h5 d5 35. b3 Kh7 36. Rh3 Bc7 37. Kh1 e4 38. dxe4 dxe4 39. Qg2 Bb6 40. Qg5
f4 41. Rh4 Be3 42. Rg4 Qf7 43. Kh2 c5 44. Rd1 Bd4 45. Rf1 Rf5 46. Qg6+ Qxg6 47.
hxg6+ Kg7 48. Kh3 Rh5+ 49. Rh4 Rxh4+ 50. Kxh4 Be5 51. Kg5 f3 52. Kf5 e3 53.
Rxf3 Bd4 1/2-1/2

[Event "Open Mediterranean 2017"]
[Site "Rijeka CRO"]
[Date "2009.12.04"]
[Round "8.23"]
[White "Fucak, Emilijo"]
[Black "Levar, Nenad"]
[Result "1-0"]
[WhiteElo "2291"]
[BlackElo "2138"]
[PlyCount "67"]
[EventDate "2009.11.28"]
[EventType "swiss"]
[EventRounds "9"]
[EventCountry "CRO"]
[Source "lmi"]
[SourceDate "2009.11.28"]

1. c4 Nf6 2. g3 c6 3. Bg2 d5 4. Qc2 g6 5. Nf3 Bg7 6. O-O O-O 7. a3 a5 8. d3 Na6
9. b3 Bg4 10. Bb2 Qc8 11. Re1 Bh3 12. Bh1 dxc4 13. bxc4 Nc5 14. Nbd2 h6 15.
Rab1 Ne8 16. Bxg7 Nxg7 17. Qb2 Bf5 18. Nb3 Nxb3 19. Qxb3 Ra7 20. Qb6 Qa8 21.
Qe3 Kh7 22. Qxe7 b5 23. Qh4 f6 24. cxb5 g5 25. Qc4 cxb5 26. Rxb5 Qe8 27. Nd4
Bg6 28. Reb1 Re7 29. Rxa5 Rxe2 30. Nxe2 Qxe2 31. Be4 f5 32. Bg2 Rd8 33. Ra7
Rxd3 34. Rf1 1-0

[Event "Open Mediterranean 2017"]
[Site "Rijeka CRO"]
[Date "2009.12.04"]
[Round "8.24"]
[White "Pejic, Irving"]
[Black "Ciganovic, Nikola"]
[Result "0-1"]
[WhiteElo "2132"]
[BlackElo "2276"]
[PlyCount "44"]
[EventDate "2009.11.28"]
[EventType "swiss"]
[EventRounds "9"]
[EventCountry "CRO"]
[Source "lmi"]
[SourceDate "2009.11.28"]

1. e4 e5 2. Nf3 Nc6 3. d4 exd4 4. Bc4 Nf6 5. O-O Bc5 6. e5 d5 7. exf6 dxc4 8.
Re1+ Be6 9. Ng5 Qd5 10. Nc3 Qf5 11. Nce4 Bb6 12. Ng3 Qg6 13. fxg7 Rg8 14. Nh5
O-O-O 15. Nxe6 fxe6 16. g3 e5 17. h4 h6 18. Kg2 Ba5 19. Rf1 Nb4 20. Bd2 c3 21.
Be1 Nxc2 22. Rb1 Nxe1+ 0-1

[Event "Open Mediterranean 2017"]
[Site "Rijeka CRO"]
[Date "2009.12.04"]
[Round "8.25"]
[White "Brenc, Tomislav"]
[Black "Medancic, Rikard"]
[Result "0-1"]
[WhiteElo "2075"]
[BlackElo "2251"]
[PlyCount "58"]
[EventDate "2009.11.28"]
[EventType "swiss"]
[EventRounds "9"]
[EventCountry "CRO"]
[Source "lmi"]
[SourceDate "2009.11.28"]

1. f4 c5 2. Nf3 Nf6 3. d3 d5 4. g3 g6 5. Bg2 Bg7 6. O-O O-O 7. c3 Nc6 8. Qe1 d4
9. Na3 Nd5 10. Bd2 e5 11. fxe5 Nxe5 12. Nxe5 Bxe5 13. Nc4 Bg7 14. e4 dxe3 15.
Bxe3 Nxe3 16. Qxe3 Qc7 17. Bd5 Bh3 18. Rf2 Rad8 19. Qf3 b5 20. Ne3 h5 21. Be4
f5 22. Bd5+ Kh7 23. Qe2 Rfe8 24. Qf3 Rxe3 25. Qxe3 Rxd5 26. Re1 Qd6 27. Qe8
Rxd3 28. Rfe2 b4 29. Re6 Rxg3+ 0-1

[Event "Open Mediterranean 2017"]
[Site "Rijeka CRO"]
[Date "2009.12.04"]
[Round "8.26"]
[White "Muslija, Idris"]
[Black "Nilsen, Joachim Birger"]
[Result "0-1"]
[WhiteElo "2223"]
[BlackElo "2126"]
[PlyCount "110"]
[EventDate "2009.11.28"]
[EventType "swiss"]
[EventRounds "9"]
[EventCountry "CRO"]
[Source "lmi"]
[SourceDate "2009.11.28"]

1. c4 f5 2. Nf3 Nf6 3. g3 g6 4. Bg2 Bg7 5. O-O O-O 6. Nc3 d6 7. d4 Qe8 8. Nb5
Na6 9. d5 c6 10. Nbd4 Bd7 11. Ng5 Nc7 12. Qb3 Rb8 13. Nh3 c5 14. Nc2 b5 15. Na3
bxc4 16. Qd1 c3 17. bxc3 Ne4 18. Bxe4 fxe4 19. Ng5 Bxc3 20. Bd2 Bxa1 21. Qxa1
Nxd5 22. Nxe4 Bf5 23. Bh6 Rf7 24. Ng5 Nf6 25. Nxf7 Qxf7 26. f3 Nd7 27. Qc3 Qf6
28. Qe3 Qd4 29. Qxd4 cxd4 30. Rd1 Rb2 31. Rd2 Rxd2 32. Bxd2 Ne5 33. Nb5 Nc6 34.
e3 dxe3 35. Bxe3 a6 36. Nc3 Bd3 37. Kf2 Bc4 38. a3 d5 39. Bc5 e5 40. Nd1 Kf7
41. Ke3 Ke6 42. Kd2 Na5 43. Bb6 Nb7 44. Ne3 Bb5 45. h4 Nd6 46. Bc5 d4 47. Nc2
Nf5 48. g4 Nxh4 49. Ne1 g5 50. Bf8 Bc6 51. Ke2 d3+ 52. Kxd3 Nxf3 53. Nc2 Nh2
54. Bh6 Kf6 55. Ne3 Bf3 0-1

[Event "Open Mediterranean 2017"]
[Site "Rijeka CRO"]
[Date "2009.12.04"]
[Round "8.27"]
[White "Franciskovic, Borka"]
[Black "Sercer, Zoran"]
[Result "1-0"]
[WhiteElo "2215"]
[BlackElo "2116"]
[PlyCount "103"]
[EventDate "2009.11.28"]
[EventType "swiss"]
[EventRounds "9"]
[EventCountry "CRO"]
[Source "lmi"]
[SourceDate "2009.11.28"]

1. Nf3 d5 2. g3 e6 3. Bg2 Nf6 4. O-O c5 5. d4 Nc6 6. c4 cxd4 7. Nxd4 Be7 8.
cxd5 exd5 9. Nc3 h6 10. b3 Bc5 11. Nxc6 bxc6 12. Na4 Be7 13. Bb2 O-O 14. Rc1
Bd7 15. Qc2 Re8 16. Rfe1 Bb4 17. Bc3 Bxc3 18. Qxc3 Qe7 19. e3 Rac8 20. Qc5 Bf5
21. Qxe7 Rxe7 22. Rc5 Nd7 23. Ra5 Ne5 24. Rd1 Bg4 25. Rd2 g5 26. Nc5 Bf3 27.
Nd3 Bxg2 28. Kxg2 f6 29. h3 Kf7 30. Ra6 Nxd3 31. Rxd3 Rd7 32. b4 Ke7 33. Rc3
Rdc7 34. Rc5 Kd6 35. Rca5 Rb8 36. a3 Rbb7 37. b5 Rb6 38. bxc6 Rxa6 39. Rxa6 h5
40. Kf3 f5 41. h4 gxh4 42. gxh4 Ke5 43. Ke2 f4 44. exf4+ Kxf4 45. Kd3 Ke5 46.
f4+ Kd6 47. Kd4 Rxc6 48. Rxc6+ Kxc6 49. Ke5 Kc5 50. f5 d4 51. f6 d3 52. f7 1-0

[Event "Open Mediterranean 2017"]
[Site "Rijeka CRO"]
[Date "2009.12.04"]
[Round "8.28"]
[White "Peric, Davor"]
[Black "Arvola, Benjamin"]
[Result "0-1"]
[WhiteElo "1940"]
[BlackElo "2207"]
[PlyCount "66"]
[EventDate "2009.11.28"]
[EventType "swiss"]
[EventRounds "9"]
[EventCountry "CRO"]
[Source "lmi"]
[SourceDate "2009.11.28"]

1. d4 Nf6 2. Bg5 Ne4 3. Bf4 c5 4. f3 Nf6 5. dxc5 e6 6. Bd6 b6 7. Bxf8 Rxf8 8.
Nc3 bxc5 9. e4 d6 10. e5 dxe5 11. Qxd8+ Kxd8 12. O-O-O+ Nbd7 13. Nh3 Ke7 14.
Nb5 Nb6 15. c4 Bd7 16. Nd6 Bc6 17. Ng5 Rad8 18. Ndxf7 Rxf7 19. Nxf7 Rxd1+ 20.
Kxd1 Kxf7 21. Kd2 e4 22. f4 Ng4 23. h3 e3+ 24. Ke1 Nf2 25. Rg1 e5 26. fxe5 Ke6
27. g4 Kxe5 28. h4 Kf4 29. g5 Nd7 30. b3 Ne5 31. Be2 Nf3+ 32. Bxf3 Kxf3 33. Rf1
Be4 0-1

[Event "Open Mediterranean 2017"]
[Site "Rijeka CRO"]
[Date "2009.12.04"]
[Round "8.29"]
[White "Petrovic, Marko"]
[Black "Tjolsen, Katrine"]
[Result "0-1"]
[WhiteElo "1979"]
[BlackElo "2194"]
[PlyCount "58"]
[EventDate "2009.11.28"]
[EventType "swiss"]
[EventRounds "9"]
[EventCountry "CRO"]
[Source "lmi"]
[SourceDate "2009.11.28"]

1. d4 d5 2. Nf3 Nf6 3. c4 c6 4. Nc3 e6 5. e3 Nbd7 6. Be2 Bd6 7. O-O O-O 8. c5
Bc7 9. b4 e5 10. dxe5 Nxe5 11. Nd4 Qe7 12. a4 Bd7 13. Qc2 a5 14. b5 Rfe8 15. b6
Bb8 16. Nb1 Ne4 17. Nd2 Qxc5 18. Nxe4 Qxc2 19. Nf6+ gxf6 20. Nxc2 Bd6 21. f4
Ng6 22. g4 Bc5 23. Rb1 Re4 24. h3 Nxf4 25. Bf3 Rxa4 26. Bb2 Nxh3+ 27. Kh1 Ng5
28. Bg2 Ne4 29. Rf4 Bd6 0-1

[Event "Open Mediterranean 2017"]
[Site "Rijeka CRO"]
[Date "2009.12.04"]
[Round "8.30"]
[White "Kozarcanin, Sead"]
[Black "Nastic, Milorad"]
[Result "1-0"]
[WhiteElo "2187"]
[BlackElo "2012"]
[PlyCount "52"]
[EventDate "2009.11.28"]
[EventType "swiss"]
[EventRounds "9"]
[EventCountry "CRO"]
[Source "lmi"]
[SourceDate "2009.11.28"]

1. Nf3 d5 2. b3 Bf5 3. Bb2 e6 4. g3 Nf6 5. Bg2 Nbd7 6. O-O Bd6 7. d3 O-O 8.
Nbd2 Re8 9. Nh4 Bg6 10. e4 dxe4 11. dxe4 Bh5 12. Qe1 Ng4 13. h3 Nge5 14. f4 Ng6
15. Nxg6 Bxg6 16. g4 f5 17. gxf5 exf5 18. e5 Bc5+ 19. Kh2 c6 20. Qe2 Nf8 21.
Nf3 Ne6 22. Rad1 Qe7 23. Ng5 Nxf4 24. Qc4+ Nd5 25. Bxd5+ cxd5 26. Qxd5+ Kh8 1-0

[Event "Open Mediterranean 2017"]
[Site "Rijeka CRO"]
[Date "2009.12.04"]
[Round "8.31"]
[White "Mikalsen, Erlend"]
[Black "Krkljes, Slaven"]
[Result "1-0"]
[WhiteElo "1936"]
[BlackElo "2187"]
[PlyCount "120"]
[EventDate "2009.11.28"]
[EventType "swiss"]
[EventRounds "9"]
[EventCountry "CRO"]
[Source "lmi"]
[SourceDate "2009.11.28"]

1. e4 c5 2. Nf3 Nc6 3. d4 cxd4 4. Nxd4 e6 5. Be3 Nf6 6. Qf3 Qa5+ 7. Bd2 Qe5 8.
Nxc6 bxc6 9. Nc3 Bb4 10. Bd3 d5 11. O-O d4 12. Bf4 Qh5 13. Qg3 Qg4 14. Qxg4
Nxg4 15. Ne2 e5 16. Bg3 f6 17. h3 Nh6 18. f4 Bd6 19. fxe5 fxe5 20. Nxd4 Bc5 21.
Bxe5 Nf7 22. Bxg7 Rg8 23. Bf6 Bxh3 24. Kh2 Bg4 25. Bc4 Rg6 26. Nxc6 Rc8 27.
Bxf7+ Kxf7 28. Ne5+ Ke6 29. Nxg6 hxg6 30. c3 Be2 31. Rfe1 Bc4 32. Bd4 Bd6+ 33.
e5 Be7 34. Bxa7 Rh8+ 35. Kg1 g5 36. a4 Kf5 37. a5 Ba6 38. b4 g4 39. Bf2 Bg5 40.
Bg3 Bd2 41. Rec1 Be3+ 42. Bf2 Bf4 43. Bd4 Bc4 44. Rc2 Bh2+ 45. Kf2 Kf4 46. Ke1
Bg3+ 47. Kd2 Rh2 48. Kc1 Ke4 49. Kb2 Ba6 50. Kb3 Rh7 51. Rd1 Rd7 52. Ka4 Bc4
53. b5 Bxe5 54. Re1+ Kd3 55. Rxe5 Kxc2 56. a6 Bf1 57. a7 Rd8 58. b6 Ba6 59. Ka5
Bb7 60. g3 Kb3 1-0

[Event "Open Mediterranean 2017"]
[Site "Rijeka CRO"]
[Date "2009.12.04"]
[Round "8.32"]
[White "Dubrovic, Mihovil"]
[Black "Staberhofer, Rainer"]
[Result "1/2-1/2"]
[WhiteElo "1811"]
[BlackElo "2170"]
[PlyCount "86"]
[EventDate "2009.11.28"]
[EventType "swiss"]
[EventRounds "9"]
[EventCountry "CRO"]
[Source "lmi"]
[SourceDate "2009.11.28"]

1. e4 d5 2. exd5 Qxd5 3. Nc3 Qa5 4. g3 c6 5. Bg2 Nf6 6. Nge2 Bg4 7. h3 Bxe2 8.
Qxe2 Nbd7 9. O-O e6 10. a3 Qe5 11. Qxe5 Nxe5 12. Re1 Ned7 13. b4 O-O-O 14. Rb1
Bd6 15. d3 Nd5 16. Nxd5 cxd5 17. Bb2 Nf6 18. c4 dxc4 19. dxc4 Bc7 20. Rbd1 b6
21. Bf3 Rxd1 22. Rxd1 e5 23. Bc6 Rd8 24. Rxd8+ Kxd8 25. Bc1 Nd7 26. Kg2 Bd6 27.
Be3 a5 28. bxa5 bxa5 29. a4 Kc7 30. Bb5 f5 31. Kf3 Bb4 32. Ke2 Kd6 33. Kd3 Nf6
34. f3 Nh5 35. g4 Ng3 36. Bf2 e4+ 37. fxe4 Nxe4 38. Be3 g6 39. Bf4+ Ke7 40.
gxf5 Nf2+ 41. Ke3 Nxh3 42. fxg6 Nxf4 43. Kxf4 hxg6 1/2-1/2

[Event "Open Mediterranean 2017"]
[Site "Rijeka CRO"]
[Date "2009.12.04"]
[Round "8.33"]
[White "Dubrovic, Gabriel"]
[Black "Brumen, Dinko"]
[Result "0-1"]
[WhiteElo "1627"]
[BlackElo "2349"]
[PlyCount "70"]
[EventDate "2009.11.28"]
[EventType "swiss"]
[EventRounds "9"]
[EventCountry "CRO"]
[Source "lmi"]
[SourceDate "2009.11.28"]

1. c4 e6 2. Nc3 d5 3. d4 Nf6 4. Nf3 c6 5. cxd5 exd5 6. a3 Bf5 7. Bg5 Nbd7 8. e3
Qb6 9. Na4 Qc7 10. Bf4 Qd8 11. Bd3 Ne4 12. O-O Be7 13. Ne5 O-O 14. f3 Nd6 15.
Bxf5 Nxf5 16. Qd3 Nxe5 17. Bxe5 Nd6 18. Bxd6 Bxd6 19. e4 dxe4 20. fxe4 Qa5 21.
Qc2 Rad8 22. b4 Qh5 23. g3 Bc7 24. Rad1 a5 25. Nc5 b6 26. Na6 Rc8 27. Nxc7 Rxc7
28. Rf5 Qh6 29. Qd2 Qe6 30. Re5 Qg4 31. Re1 axb4 32. axb4 Qd7 33. Rg5 g6 34.
Qd1 Qe7 35. Qd2 Rd8 0-1

[Event "Open Mediterranean 2017"]
[Site "Rijeka CRO"]
[Date "2009.12.04"]
[Round "8.34"]
[White "Heifez, Eugen"]
[Black "Noordhoek, Henk"]
[Result "0-1"]
[WhiteElo "2245"]
[BlackElo "2087"]
[PlyCount "76"]
[EventDate "2009.11.28"]
[EventType "swiss"]
[EventRounds "9"]
[EventCountry "CRO"]
[Source "lmi"]
[SourceDate "2009.11.28"]

1. e4 Nf6 2. Nc3 d5 3. e5 d4 4. exf6 dxc3 5. fxg7 cxd2+ 6. Qxd2 Qxd2+ 7. Bxd2
Bxg7 8. O-O-O Nc6 9. Bc4 Bf5 10. Bf4 O-O 11. f3 Rfd8 12. Ne2 Ne5 13. Bxe5 Bxe5
14. g4 Bd7 15. f4 Bd6 16. f5 Bc6 17. Bd5 Bxd5 18. Rxd5 c6 19. Rd3 Be5 20. Rxd8+
Rxd8 21. h4 Kg7 22. Rh3 Rd5 23. c3 Ra5 24. Re3 Bd6 25. a3 Re5 26. Kd2 Kf6 27.
Nf4 Rxe3 28. Kxe3 Ke5 29. Nd3+ Kd5 30. g5 c5 31. h5 Be5 32. Nxe5 Kxe5 33. g6
fxg6 34. fxg6 hxg6 35. h6 Kf6 36. Kf4 e6 37. b4 cxb4 38. axb4 g5+ 0-1

[Event "Open Mediterranean 2017"]
[Site "Rijeka CRO"]
[Date "2009.12.04"]
[Round "8.35"]
[White "Skrbin, Kresimir"]
[Black "Muskardin, Mario"]
[Result "1-0"]
[WhiteElo "2215"]
[BlackElo "2067"]
[PlyCount "97"]
[EventDate "2009.11.28"]
[EventType "swiss"]
[EventRounds "9"]
[EventCountry "CRO"]
[Source "lmi"]
[SourceDate "2009.11.28"]

1. Nf3 Nf6 2. d4 e6 3. c4 Bb4+ 4. Nbd2 d5 5. a3 Be7 6. e3 b6 7. Qc2 Bb7 8. Be2
Ne4 9. O-O Nd7 10. b4 c5 11. dxc5 bxc5 12. b5 f5 13. Bb2 Bf6 14. a4 O-O 15. a5
Rc8 16. Rfd1 Qc7 17. Bf1 g5 18. b6 axb6 19. axb6 Qd8 20. Bxf6 Qxf6 21. Ra7 Rb8
22. Nb3 Nxb6 23. Nfd2 Nxd2 24. Rxd2 Rfc8 25. Na5 Ba8 26. Qa2 Qe5 27. Rb2 Qd6
28. Qa1 Rc7 29. Ra6 Qd8 30. Raxb6 Rxb6 31. Rxb6 Ra7 32. Qb2 Qc7 33. Qb5 Kf7 34.
Ra6 e5 35. Rxa7 Qxa7 36. cxd5 Bxd5 37. Bc4 Bxc4 38. Qxc4+ Kf6 39. Qc3 Qb6 40.
Nb3 Qb4 41. Qxb4 cxb4 42. Kf1 Ke6 43. Ke2 Kd5 44. Kd3 e4+ 45. Kc2 f4 46. g4
fxg3 47. fxg3 h5 48. h3 Ke5 49. Nd4 1-0

[Event "Open Mediterranean 2017"]
[Site "Rijeka CRO"]
[Date "2009.12.04"]
[Round "8.36"]
[White "Krsnik Cohar, Ivan Vihor"]
[Black "Klobucar, Dean"]
[Result "0-1"]
[WhiteElo "1732"]
[BlackElo "2174"]
[PlyCount "62"]
[EventDate "2009.11.28"]
[EventType "swiss"]
[EventRounds "9"]
[EventCountry "CRO"]
[Source "lmi"]
[SourceDate "2009.11.28"]

1. d4 c5 2. dxc5 e6 3. Nc3 Bxc5 4. Ne4 d5 5. Nxc5 Qa5+ 6. Qd2 Qxc5 7. Qf4 Qb4+
8. c3 Qf8 9. Nf3 f6 10. Qg4 Nc6 11. Qa4 Qd6 12. e4 Nge7 13. Be2 O-O 14. O-O Qc7
15. Be3 Kh8 16. Rab1 b6 17. Bb5 Bb7 18. exd5 Nxd5 19. Nd4 Nxe3 20. fxe3 Nxd4
21. exd4 Rad8 22. Rbe1 e5 23. dxe5 Rd2 24. Re2 Rxe2 25. Bxe2 Qxe5 26. Qd1 Re8
27. Bg4 Ba6 28. Bd7 Qe3+ 29. Kh1 Bxf1 30. Bxe8 Be2 31. Qe1 Qxe8 0-1

[Event "Open Mediterranean 2017"]
[Site "Rijeka CRO"]
[Date "2009.12.04"]
[Round "8.37"]
[White "Draskovic, Luka"]
[Black "Logar, Metod"]
[Result "1-0"]
[WhiteElo "2113"]
[BlackElo "2071"]
[PlyCount "75"]
[EventDate "2009.11.28"]
[EventType "swiss"]
[EventRounds "9"]
[EventCountry "CRO"]
[Source "lmi"]
[SourceDate "2009.11.28"]

1. e4 e5 2. Nf3 Nc6 3. d4 exd4 4. Nxd4 Nf6 5. Nxc6 bxc6 6. e5 Qe7 7. Qe2 Nd5 8.
c4 Nb6 9. Nc3 Qe6 10. Qe4 g6 11. Bd3 Bg7 12. f4 O-O 13. O-O d6 14. b3 dxe5 15.
f5 gxf5 16. Rxf5 Qxf5 17. Qxf5 Bxf5 18. Bxf5 Rad8 19. Bg5 f6 20. Be3 Rfe8 21.
Ne4 Nc8 22. Kf2 Nd6 23. g4 Nxf5 24. gxf5 Bf8 25. Nxf6+ Kf7 26. Nxe8 Rxe8 27.
Rd1 Bd6 28. c5 Bf8 29. Rd7+ Re7 30. Rxe7+ Bxe7 31. Kf3 Kf6 32. Ke4 Bf8 33. b4
a6 34. Bd2 Be7 35. Bc3 Bd8 36. Bxe5+ Kf7 37. a3 Kf8 38. f6 1-0

[Event "Open Mediterranean 2017"]
[Site "Rijeka CRO"]
[Date "2009.12.04"]
[Round "8.38"]
[White "Grguric, Daria"]
[Black "Franciskovic, Vinko"]
[Result "0-1"]
[WhiteElo "1884"]
[BlackElo "2108"]
[PlyCount "86"]
[EventDate "2009.11.28"]
[EventType "swiss"]
[EventRounds "9"]
[EventCountry "CRO"]
[Source "lmi"]
[SourceDate "2009.11.28"]

1. d4 d5 2. Nf3 Nf6 3. e3 e6 4. Bd3 Bd6 5. Nbd2 O-O 6. b3 c6 7. Bb2 Nbd7 8. Ne5
Re8 9. O-O Nf8 10. f4 a5 11. g4 Ng6 12. g5 Nd7 13. Qh5 f5 14. gxf6 Nxf6 15. Qh3
Nf8 16. Kh1 Re7 17. Rg1 g6 18. Qh4 Rg7 19. Ndf3 Bd7 20. Ng5 Qe7 21. Rg3 Nh5 22.
Rh3 Be8 23. Be2 h6 24. Ngf3 g5 25. fxg5 hxg5 26. Qg4 Nf6 27. Qg2 g4 28. Rg3
gxf3 29. Bxf3 Bxe5 30. dxe5 Ne4 31. Bxe4 dxe4 32. Rg1 Bg6 33. Rg5 Kf7 34. Rf1+
Ke8 35. h4 Rf7 36. Rd1 Rd8 37. Rxd8+ Kxd8 38. h5 Bf5 39. Bd4 Kc8 40. h6 Rh7 41.
Rh5 Qf7 42. Rh2 Nd7 43. Qe2 Bg4 0-1

[Event "Open Mediterranean 2017"]
[Site "Rijeka CRO"]
[Date "2009.12.04"]
[Round "8.39"]
[White "Solic, Kristina"]
[Black "Kukina, Mario"]
[Result "1-0"]
[WhiteElo "2190"]
[BlackElo "1949"]
[PlyCount "51"]
[EventDate "2009.11.28"]
[EventType "swiss"]
[EventRounds "9"]
[EventCountry "CRO"]
[Source "lmi"]
[SourceDate "2009.11.28"]

1. e4 c5 2. Nf3 Nc6 3. d4 cxd4 4. Nxd4 Qb6 5. Nb3 e6 6. Be3 Qc7 7. Bd3 Nf6 8.
f4 d6 9. Nc3 Be7 10. Qf3 a6 11. O-O-O Nd7 12. Rhe1 b5 13. Qg3 Nb4 14. Bd4 Rg8
15. a3 Nc6 16. Nd5 Qb8 17. Nxe7 Nxe7 18. e5 d5 19. Bxh7 Rf8 20. Qxg7 a5 21. f5
a4 22. Nc5 Qc7 23. Nxd7 Bxd7 24. f6 Nf5 25. Bxf5 exf5 26. e6 1-0

[Event "Open Mediterranean 2017"]
[Site "Rijeka CRO"]
[Date "2009.12.04"]
[Round "8.40"]
[White "Valenti, Giuseppe"]
[Black "Lakovic, Igor"]
[Result "1-0"]
[WhiteElo "2141"]
[BlackElo "1940"]
[PlyCount "147"]
[EventDate "2009.11.28"]
[EventType "swiss"]
[EventRounds "9"]
[EventCountry "CRO"]
[Source "lmi"]
[SourceDate "2009.11.28"]

1. e4 e5 2. Nf3 Nc6 3. Bb5 a6 4. Ba4 Nf6 5. O-O Be7 6. Re1 b5 7. Bb3 d6 8. c3
O-O 9. h3 Na5 10. Bc2 c5 11. d4 Qc7 12. Nbd2 Nc6 13. d5 Nd8 14. Nf1 Ne8 15. Ng3
g6 16. Bh6 Ng7 17. a4 Rb8 18. axb5 axb5 19. b4 c4 20. Ra5 f6 21. Qe2 Nf7 22.
Bd2 Bd7 23. Rea1 f5 24. Nf1 fxe4 25. Bxe4 Nh5 26. g4 Nf6 27. Ng3 Bd8 28. Ng5
Nxg5 29. Bxg5 Qc8 30. Ra6 Bb6 31. Bf3 Qc7 32. Be3 Bc8 33. R6a2 Bb7 34. Rd1 Ra8
35. Rxa8 Rxa8 36. g5 Ne8 37. Bg4 Ng7 38. Ne4 Bxe3 39. fxe3 Qe7 40. Rf1 Bc8 41.
Qf2 Bf5 42. Nf6+ Kh8 43. Bxf5 Nxf5 44. e4 Ng7 45. Qh4 Ne8 46. Nxh7 Qa7+ 47. Kh1
Qxh7 48. Rf8+ Kg7 49. Rf7+ Kxf7 50. Qxh7+ Ng7 51. Qh4 Ra1+ 52. Kg2 Ra2+ 53. Kf1
Ra1+ 54. Ke2 Nh5 55. Qg4 Nf4+ 56. Kd2 Ra2+ 57. Kd1 Ra1+ 58. Kc2 Ra7 59. Qc8 Nd3
60. Qe6+ Kg7 61. Qxd6 Ra2+ 62. Kd1 Nf2+ 63. Ke1 Nd3+ 64. Kf1 Ra1+ 65. Kg2 Nf4+
66. Kf3 Rf1+ 67. Ke3 Re1+ 68. Kf2 Nd3+ 69. Kf3 Rf1+ 70. Ke3 Re1+ 71. Kd2 Rf1
72. Qc7+ Kf8 73. d6 Nf4 74. d7 1-0

[Event "Open Mediterranean 2017"]
[Site "Rijeka CRO"]
[Date "2009.12.04"]
[Round "8.41"]
[White "Kanceljak, Dalia"]
[Black "Orenda, Omar"]
[Result "0-1"]
[WhiteElo "1919"]
[BlackElo "2132"]
[PlyCount "78"]
[EventDate "2009.11.28"]
[EventType "swiss"]
[EventRounds "9"]
[EventCountry "CRO"]
[Source "lmi"]
[SourceDate "2009.11.28"]

1. e4 d6 2. d4 g6 3. Nf3 Bg7 4. c3 Bg4 5. h3 Bxf3 6. Qxf3 c5 7. Bc4 e6 8. Bb5+
Nd7 9. dxc5 dxc5 10. Be3 Rc8 11. O-O a6 12. Bxd7+ Qxd7 13. Rd1 Qc6 14. a4 Nf6
15. Nd2 O-O 16. Bg5 Nd7 17. Nc4 Ne5 18. Nxe5 Bxe5 19. Bf4 Bxf4 20. Qxf4 Rfd8
21. e5 c4 22. Rd4 Rd5 23. Qe3 Qc5 24. Re1 Rcd8 25. Rxd5 Rxd5 26. Qxc5 Rxc5 27.
Re4 b5 28. a5 Rd5 29. Kf1 g5 30. Ke2 Kg7 31. g3 Kg6 32. g4 Kg7 33. Kf3 Kf8 34.
Rd4 Rxd4 35. cxd4 Ke7 36. Ke4 b4 37. f4 gxf4 38. h4 c3 39. bxc3 b3 0-1

[Event "Open Mediterranean 2017"]
[Site "Rijeka CRO"]
[Date "2009.12.04"]
[Round "8.42"]
[White "Monjac, Mislav"]
[Black "Broekman, Willem"]
[Result "0-1"]
[WhiteElo "1856"]
[BlackElo "2129"]
[PlyCount "122"]
[EventDate "2009.11.28"]
[EventType "swiss"]
[EventRounds "9"]
[EventCountry "CRO"]
[Source "lmi"]
[SourceDate "2009.11.28"]

1. e4 e6 2. d4 d5 3. e5 c5 4. Nf3 Qb6 5. Bd3 Bd7 6. O-O Bb5 7. Re1 Bxd3 8. Qxd3
Nc6 9. Nbd2 c4 10. Qe3 Nb4 11. Qa3 Nh6 12. Nf1 Nf5 13. Rd1 Nc6 14. Qa4 Qc7 15.
c3 Be7 16. Ng3 Nxg3 17. hxg3 h6 18. Re1 a6 19. Bd2 Kd7 20. Qc2 b5 21. Rac1 Rac8
22. Be3 Qb7 23. Qe2 b4 24. Rb1 Rb8 25. Nd2 a5 26. Qg4 g6 27. Qf3 Rbf8 28. g4
Qb5 29. Qg3 h5 30. g5 h4 31. Qh3 Rb8 32. Ra1 a4 33. Rec1 Qa6 34. a3 bxc3 35.
bxc3 Na5 36. Ra2 Nb3 37. Rcc2 Qc8 38. Qf3 Qf8 39. Nb1 Nxd4 40. Bxd4 Rxb1+ 41.
Kh2 Rb3 42. Rd2 Kc6 43. Ba7 Bxg5 44. Rd4 Kb7 45. Rxc4 Kxa7 46. Rxa4+ Kb7 47.
Qe2 Qc5 48. Qa6+ Kc7 49. Rb4 Rb8 50. Rc2 Be7 51. c4 d4 52. f4 g5 53. Rb5 R3xb5
54. cxb5 Qxc2 55. Qa7+ Rb7 56. Qa6 Qc5 57. a4 gxf4 58. Qa5+ Kb8 59. Qe1 Bd8 60.
Kh1 Bc7 61. Qxh4 Qxe5 0-1